[Event "Global Economy Memorial Tournament (1800-2000)"]
[Site "SchemingMind.com"]
[Date "2009.02.16"]
[Round "-"]
[White "Frankygolucky"]
[Black "smothered mate"]
[Result "1-0"]
[WhiteCountry "GBR"]
[BlackCountry "POL"]
[WhiteElo "1865"]
[WhiteRD "82"]
[BlackElo "1869"]
[BlackRD "55"]
[GameID "191922"]

1. d4 d5 2. c4 e6 3. Nf3 c5 4. cxd5 exd5 5. g3 Nc6 6. Bg2 Nf6 7. O-O Bg4 8. Bg5 Be7 9. Nc3 O-O 10. Ne5 Be6
11. Nxc6 bxc6 12. dxc5 Bxc5 13. e4 d4 14. Na4 Qd6 15. Bxf6 gxf6 16. Nxc5 Qxc5 17. Rc1 Qb6 18. b3 Rac8 19. Qh5 Rfd8 20. Rfd1 c5
21. Qh6 Bg4 22. Rd2 Rd6 23. Qf4 Bd7 24. e5 fxe5 25. Qxe5 Re6 26. Qh5 Rce8 27. Bd5 Re1+ 28. Rxe1 Rxe1+ 29. Kg2 Qf6 30. f4 h6
31. Kf2 Re3 32. Bc4 Bf5 33. Re2 Rxe2+ 34. Qxe2 Kg7 35. Qd2 Qc6 36. Qe1 Be4 37. Qe2= Qg6 38. h3 Qf5 39. Qg4+ Qxg4 40. hxg4 f6
41. a4 a5 42. Ke2 Kg6 43. Kf2 f5 44. Be6 fxg4 45. Bxg4 Bc2 46. Be6 Kf6 47. Bc4 Kf5 48. Bg8 d3 49. Ke3 Kg4 50. Be6+ Kh5
51. g4+ Kg6 52. Kd2 h5 53. f5+ Kg5 54. gxh5 Kxh5 55. f6 Kg6 56. f7 Kg7 57. Kc3 Kf8 58. Bc4 Kg7 59. Bxd3 Bd1 60. Bc4 Bf3
61. Be6 Be2 62. Kd2 Bf1 63. Ke3 Kf8 64. Ke4 Bg2+ 65. Ke5 Ke7 66. f8=Q+ Kxf8 67. Kd6 Ke8 68. Kxc5 Kd8 69. Kb6 Bf1 70. Kxa5 Kc7
71. Bc4 Bg2 72. Kb5 Kb7 73. Kc5 Ka7 74. b4 Be4 75. b5 Bb7 76. b6+ Kb8 77. a5 Be4 78. a6 Bf3 79. Bd5
1-0

[Event "Global Economy Memorial Tournament (1800-2000)"]
[Site "SchemingMind.com"]
[Date "2009.02.16"]
[Round "-"]
[White "iwegiel"]
[Black "MarketTheHay"]
[Result "1-0"]
[WhiteCountry "POL"]
[BlackCountry "ENG"]
[WhiteElo "1906"]
[WhiteRD "64"]
[BlackElo "1804"]
[BlackRD "66"]
[GameID "191937"]

1. e4 e6 2. d4 d5 3. Nd2 Nf6 4. e5 Nfd7 5. Bd3 c5 6. c3 Nc6 7. Ne2 Qb6 8. Nf3 Be7 9. O-O O-O 10. Re1 Re8
11. Nf4 Nf8 12. b3 cxd4 13. cxd4 Bd7 14. Bb2 Nb4 15. Bb1 Bb5 16. h4 Ng6 17. Nxg6 hxg6 18. a3 Nc6 19. g3 a5 20. Kg2 a4
21. b4 Rec8 22. Rh1 Kf8 23. Qd2 Ke8 24. Qf4 Nd8 25. h5 gxh5 26. Rxh5 Kd7 27. Rh7 Qa6 28. Rxg7 Bd3 29. Qd2 Bf1+ 30. Kg1 Qe2
31. Qxe2
1-0

[Event "Global Economy Memorial Tournament (1800-2000)"]
[Site "SchemingMind.com"]
[Date "2009.02.16"]
[Round "-"]
[White "iwegiel"]
[Black "marble"]
[Result "0-1"]
[WhiteCountry "POL"]
[BlackCountry "ENG"]
[WhiteElo "1942"]
[WhiteRD "65"]
[BlackElo "1889"]
[BlackRD "55"]
[GameID "191938"]

1. e4 c5 2. Nc3 g6 3. g3 Nc6 4. Bg2 Bg7 5. d3 d6 6. Be3 Rb8 7. Qd2 Nf6 8. Bh6 O-O 9. Bxg7 Kxg7 10. f4 Qb6
11. Nd1 Be6 12. c3 Qa6 13. a3 Na5 14. Qf2 Nb3
0-1

[Event "Global Economy Memorial Tournament (1800-2000)"]
[Site "SchemingMind.com"]
[Date "2009.02.16"]
[Round "-"]
[White "iwegiel"]
[Black "PankracyRozumek"]
[Result "1/2-1/2"]
[WhiteCountry "POL"]
[BlackCountry "POL"]
[WhiteElo "1906"]
[WhiteRD "64"]
[BlackElo "1929"]
[BlackRD "88"]
[GameID "191939"]

1. e4 Nf6 2. e5 Nd5 3. d4 d6 4. c4 Nb6 5. exd6 exd6 6. Nc3 Nc6 7. Be3 Be7 8. Bd3 O-O 9. Nge2 Nb4 10. O-O Nxd3
11. Qxd3 Bf6 12. b3 c6 13. Rae1 d5 14. c5 Nd7 15. Ng3 b6 16. cxb6 axb6 17. b4 Ba6 18. b5 cxb5 19. Nxb5 Nb8 20. a4 Qd7
21. Rb1=
1/2-1/2

[Event "Global Economy Memorial Tournament (1800-2000)"]
[Site "SchemingMind.com"]
[Date "2009.02.16"]
[Round "-"]
[White "iwegiel"]
[Black "Darko"]
[Result "0-1"]
[WhiteCountry "POL"]
[BlackCountry "ROU"]
[WhiteElo "1899"]
[WhiteRD "67"]
[BlackElo "1987"]
[BlackRD "78"]
[GameID "191940"]

1. e4 c5 2. Nc3 Nc6 3. g3 g6 4. Bg2 Bg7 5. d3 d6 6. Be3 Rb8 7. Qd2 b5 8. f4 b4 9. Nd1 e6 10. Nf3 Nd4
11. O-O Ne7 12. Nf2 Nxf3+ 13. Bxf3 Bxb2 14. Rab1 Bc3 15. Qe2 O-O 16. g4 Nc6 17. Kh1 Nd4 18. Qd1 Qa5 19. f5 exf5 20. gxf5 Kh8
21. Bh6 Rg8 22. f6 Ne6 23. Ng4 Qxa2 24. Bg2 a5 25. Qc1 a4 26. e5 Bb7 27. Bxb7 Rxb7 28. Rf3 Qd5 29. Qf1 Nd4
0-1

[Event "Global Economy Memorial Tournament (1800-2000)"]
[Site "SchemingMind.com"]
[Date "2009.02.16"]
[Round "-"]
[White "iwegiel"]
[Black "smothered mate"]
[Result "1-0"]
[WhiteCountry "POL"]
[BlackCountry "POL"]
[WhiteElo "1899"]
[WhiteRD "67"]
[BlackElo "1868"]
[BlackRD "56"]
[GameID "191941"]

1. e4 c5 2. Nc3 e6 3. g3 d5 4. Bg2 dxe4 5. Nxe4 Be7 6. d3 Nf6 7. Be3 Nxe4 8. Bxe4 O-O 9. Ne2 Nc6 10. Qd2 Bd7
11. O-O-O Qb6 12. Bg5 f6 13. Be3 Nb4 14. Kb1 f5 15. Bg2 Bc6 16. Bxc6 bxc6 17. Qc3 Nd5 18. Qc4 Rab8 19. Bc1 Bf6 20. b3 a5
21. a4 Qa7 22. Ba3 Be7 23. Nf4 Rf6 24. Rde1 Nxf4 25. gxf4 Kf7 26. h4 Bd6 27. Bb2 Rb4 28. Qc3 Bxf4 29. Ba3 Rb8 30. Bxc5 Qc7
31. Bd4 Rg6 32. h5 Rg4 33. h6 g5 34. Bh8 e5 35. Bxe5 Bxe5 36. Rxe5 Rf4 37. Rhe1 Kg6= 38. Re6+ Kh5 39. Rxc6 Qf7 40. d4 g4
41. Rh1+ Kg5 42. Qg3 Rxb3+ 43. cxb3 Rf3 44. Qh4+ Kf4 45. Rb6 Rxb3+ 46. Rxb3 Qxb3+ 47. Kc1 Qc3+ 48. Kd1 Qxd4+ 49. Ke1 Qa1+ 50. Ke2 Qa2+
51. Kf1 Qxa4 52. Qg3+ Kg5 53. Qe3+ Kg6 54. Qe6+ Kg5 55. Qe7+
1-0

[Event "Global Economy Memorial Tournament (1800-2000)"]
[Site "SchemingMind.com"]
[Date "2009.02.16"]
[Round "-"]
[White "iwegiel"]
[Black "Frankygolucky"]
[Result "1-0"]
[WhiteCountry "POL"]
[BlackCountry "GBR"]
[WhiteElo "1906"]
[WhiteRD "64"]
[BlackElo "1790"]
[BlackRD "92"]
[GameID "191942"]

1. e4 e6 2. d4 d5 3. Nd2 Nf6 4. e5 Nfd7 5. Bd3 c5 6. c3 Nc6 7. Ne2 cxd4 8. cxd4 f6 9. exf6 Nxf6 10. Nf3 Qc7
11. O-O Bd6 12. Bg5 O-O 13. Rc1 Nb4 14. Bb1 Qf7 15. a3 Nc6 16. Bh4 Ne4 17. Qd3 Qh5 18. Ng3 Nxg3 19. Bxg3 Bxg3 20. fxg3 Bd7
21. b4 Rf6 22. b5 Ne7 23. g4 Qxg4 24. Qxh7+ Kf8 25. Ne5 Qxd4+ 26. Kh1 Qxe5 27. Qh8+ Ng8 28. Bh7 Rxf1+ 29. Rxf1+ Ke7 30. Bxg8 Bxb5
31. Qh4+ Kd6 32. Re1 Rf8 33. Qb4+
1-0

[Event "Global Economy Memorial Tournament (1800-2000)"]
[Site "SchemingMind.com"]
[Date "2009.02.16"]
[Round "-"]
[White "MarketTheHay"]
[Black "iwegiel"]
[Result "1-0"]
[WhiteCountry "ENG"]
[BlackCountry "POL"]
[WhiteElo "1804"]
[WhiteRD "66"]
[BlackElo "1906"]
[BlackRD "64"]
[GameID "191943"]

1. e4 e6 2. d4 d5 3. Nc3 Nf6 4. e5 Nfd7 5. Nce2 c5 6. c3 Nc6 7. f4 cxd4 8. Nxd4 Nc5 9. Ngf3 Bd7 10. Be3 Be7
11. Bd3 Nxd3+ 12. Qxd3 a6 13. b4 Nxd4 14. Bxd4 Bb5 15. Qe3 Qd7 16. g4 a5 17. Bc5 axb4 18. cxb4 Rc8 19. Kf2 Bxc5 20. bxc5 Ra8
21. Rhb1 Bc4 22. Nd4 Ra6 23. f5 g6 24. c6
1-0

[Event "Global Economy Memorial Tournament (1800-2000)"]
[Site "SchemingMind.com"]
[Date "2009.02.16"]
[Round "-"]
[White "marble"]
[Black "iwegiel"]
[Result "1-0"]
[WhiteCountry "ENG"]
[BlackCountry "POL"]
[WhiteElo "1915"]
[WhiteRD "56"]
[BlackElo "1907"]
[BlackRD "66"]
[GameID "191944"]

1. e4 e6 2. d3 d5 3. Nd2 c5 4. Ngf3 Nc6 5. g3 g6 6. Bg2 Bg7 7. O-O Nge7 8. Nb3 b6 9. Re1 O-O 10. exd5 exd5
11. c3 h6 12. d4 c4 13. Nbd2 Bg4 14. h3 Be6 15. Ne5 Nxe5 16. dxe5 Qd7 17. h4 Rab8 18. Nf3 Nc6 19. b4 cxb3 20. axb3 Rfd8
21. Ba3 Bf8 22. b4 b5 23. Nd4 Nxd4 24. Qxd4 Rb7 25. Bc1 Qc6 26. Bd2 Qc7 27. Ra5 Bg7 28. f4 Rc8 29. Rea1 Ra8 30. Qd3 Qc6
31. h5 Kh7 32. Ra6 Qd7 33. Rd6 Qc8 34. hxg6+ fxg6 35. Bxd5
1-0

[Event "Global Economy Memorial Tournament (1800-2000)"]
[Site "SchemingMind.com"]
[Date "2009.02.16"]
[Round "-"]
[White "PankracyRozumek"]
[Black "iwegiel"]
[Result "0-1"]
[WhiteCountry "POL"]
[BlackCountry "POL"]
[WhiteElo "1929"]
[WhiteRD "88"]
[BlackElo "1906"]
[BlackRD "64"]
[GameID "191945"]

1. d4 d5 2. Nf3 Nf6 3. c4 c6 4. Nc3 e6 5. e3 Nbd7 6. Qc2 Bd6 7. Bd3 O-O 8. O-O h6 9. e4 dxe4 10. Nxe4 Nxe4
11. Bxe4 Nf6 12. Bd3 c5 13. Rd1 Qe7 14. dxc5 Bxc5 15. b3 b6 16. Qe2 Bb7 17. Bb2 Rad8 18. a3 Ng4 19. Rf1 Bxf3 20. Qxf3 Qh4
21. h3 Nxf2 22. Rxf2 Qxf2+ 23. Qxf2 Bxf2+ 24. Kxf2 Rxd3
0-1

[Event "Global Economy Memorial Tournament (1800-2000)"]
[Site "SchemingMind.com"]
[Date "2009.02.16"]
[Round "-"]
[White "Darko"]
[Black "iwegiel"]
[Result "0-1"]
[WhiteCountry "ROU"]
[BlackCountry "POL"]
[WhiteElo "1948"]
[WhiteRD "78"]
[BlackElo "1906"]
[BlackRD "64"]
[GameID "191946"]

1. e4 e6 2. d4 d5 3. Nc3 Nf6 4. Bg5 Bb4 5. e5 h6 6. Be3 Ne4 7. Qg4 g6 8. a3 Bxc3+ 9. bxc3 c5 10. Bd3 h5
11. Qh3 Nxc3 12. dxc5 d4 13. Bd2 Nd7 14. Bxc3 dxc3 15. Bb5 Qg5 16. Nf3 Qe7
0-1

[Event "Global Economy Memorial Tournament (1800-2000)"]
[Site "SchemingMind.com"]
[Date "2009.02.16"]
[Round "-"]
[White "smothered mate"]
[Black "iwegiel"]
[Result "0-1"]
[WhiteCountry "POL"]
[BlackCountry "POL"]
[WhiteElo "1888"]
[WhiteRD "58"]
[BlackElo "1904"]
[BlackRD "70"]
[GameID "191947"]

1. e4 e6 2. d4 d5 3. e5 c5 4. c3 Nc6 5. Nf3 Qb6 6. Be2 cxd4 7. cxd4 Nh6 8. Bd3 Bd7 9. Bc2 Nb4 10. Bxh6 gxh6
11. O-O Nxc2 12. Qxc2 Bg7 13. Nc3 O-O 14. Rac1 Rac8 15. Qd2 f6 16. Rfe1 fxe5 17. Nxe5 Qd6 18. Re3 Rf6 19. Rce1 Rcf8 20. Rg3 Kh8
21. Nd1 Rf4 22. Ree3 Bb5 23. b3 Qb6 24. Ref3 Bxe5 25. dxe5 Rxf3 26. gxf3 Qd8 27. Qxh6 Qe7 28. Ne3 Bd3 29. Ng4 Bg6 30. Nf6 Qg7
31. Qh3 Qf7 32. Qg2 Rc8 33. h4 Qc7 34. Rg5 Qc1+ 35. Kh2 Qf4+ 36. Qg3 Qxg3+ 37. fxg3 Rc2+ 38. Kh3 Rxa2 39. h5 Bf7 40. h6 Bg6
41. Nd7 Ra1 42. Nc5 d4 43. Kg4 Rh1 44. Kf4 Rxh6 45. Nxe6 d3 46. Ke3 Rh2 47. Rxg6 hxg6 48. Kxd3 Kg8 49. g4 b6 50. Nd4 Kf7
51. g5 a5 52. f4 Rb2 53. Ke4 b5 54. e6+ Ke8 55. Nxb5 Rxb3 56. Nd4 Rb1 57. Ke5 a4 58. f5 gxf5 59. g6 a3 60. Kxf5= a2
61. g7 Rg1 62. Nc2 Rxg7
0-1

[Event "Global Economy Memorial Tournament (1800-2000)"]
[Site "SchemingMind.com"]
[Date "2009.02.11"]
[Round "-"]
[White "Frankygolucky"]
[Black "iwegiel"]
[Result "0-1"]
[WhiteCountry "GBR"]
[BlackCountry "POL"]
[WhiteElo "1777"]
[WhiteRD "91"]
[BlackElo "1907"]
[BlackRD "66"]
[GameID "191948"]

1. d4 d5 2. c4 c6 3. Nc3 Nf6 4. Nf3 e6 5. e3 Nbd7 6. Bd3 dxc4 7. Bxc4 b5 8. Bd3 a6 9. e4 c5 10. d5 c4
11. dxe6 fxe6 12. Bc2 Qc7 13. O-O Bb7 14. Re1 Bd6 15. Qe2 Ne5 16. Ng5 Qe7 17. f4 Bc5+ 18. Be3 Neg4 19. Bxc5 Qxc5+ 20. Kh1 Nf2+
21. Kg1 Nh3+ 22. Kh1 Nxf4 23. Nxe6 Nxe6 24. Nd5 O-O 25. Rad1 g6
0-1